000 00603nam a2200193Ia 4500
999 _c3384
_d3384
003 GBCCL
005 20241126110453.0
008 171127b xxu||||| |||| 00| 0 eng d
020 _a81-7475-018-5
040 _cgbc
082 _a226.07
_bWIN
100 _aWintle, Brian C.
_96905
245 _aSynoptic Studies:
_bA Primer /
_cBrian C. Wintle
260 _bTheological Book Trust,
_aBangalore:
_c1998
300 _a213p.;
_c20 cm.
440 _aAn Introduction to study of the Synoptic Gospels and a commentary on Mark
_vv. 1
_96906
650 _aSynoptic Gospel
_vStudies
_96907
942 _eV1
_2ddc
_cBK
_097